Sports Quiz

Random Sports or WWE Quiz
Score 0/18 Timer 07:00
0 Plays Today
Question Answer Wrong Answers
Rival - How did the Kevin Owens/Sami Zayn conclude ???
75.2%
???
7.1%
???
7.8%
???
2.1%
Toronto - What was the added stipulation in the finals of the second annual Dusty Rhodes Tag Team Classic finals between AOP & TM61 ???
74.5%
???
11.3%
???
3.5%
???
1.4%
Orlando - Who replaced an injured No Way Jose against SAnitY ???
66%
???
11.3%
???
13.5%
???
1.4%
Takeover (1) - What was the stipulation to Tyler Breeze vs Sami Zayn ???
62.4%
???
14.9%
???
7.8%
???
8.5%
Arrival - Which past tag team accepted the Ascensions NXT Tag Title open challenge ???
60.3%
???
7.8%
???
9.9%
???
16.3%
Dallas - Which two superstars had their final NXT matchs at this event ???
59.6%
???
9.2%
???
9.9%
???
14.9%
Respect - Which team did not make it to the final four teams in the inaugural Dusty Rhodes tag team classic ???
58.9%
???
6.4%
???
10.6%
???
14.9%
London - Which title changed hands at this event ???
56%
???
14.2%
???
14.9%
???
9.2%
The End - What history making accolade occurred at this event ???
47.5%
???
19.9%
???
5%
???
20.6%
Brooklyn (1) - Which of these four superstars suffered their first Takeover loss at this event ???
46.8%
???
24.8%
???
8.5%
???
14.2%
Fatal Four Way - Which superstar did Baron Corbin have his (officially recognized) NXT debut against at this event ???
44.7%
???
30.5%
???
12.8%
???
2.8%
San Antonio - Which superstar did Asuka pin to retain her women's title ???
41.1%
???
14.2%
???
10.6%
???
26.2%
Unstoppable - Which combination of the Four Horsewomen teamed up at this event ???
38.3%
???
12.8%
???
27%
???
14.9%
Chicago - What first time occurrence happened at this event ???
33.3%
???
30.5%
???
20.6%
???
9.2%
Brooklyn (2) - How many superstars competed in their first Takeover at this event ???
27%
???
13.5%
???
29.1%
???
22.7%
Brooklyn (3) - How many superstars competed in their first Takeover at this event ???
25.5%
???
24.8%
???
26.2%
???
17%
{R}Evolution - Who challenged for the NXT Women's Title at this event ???
23.4%
???
12.8%
???
7.8%
???
47.5%
Houston (War Games) - Which superstar took their first Takeover loss at this event ???
11.9%
???
27.1%
???
30.5%
???
13.6%
Remove Ads.
Support Sporcle.
Get the best of Sporcle when you Go Orange. This ad-free experience offers more features, more stats, and more fun while also helping to support Sporcle. Thank you for becoming a member.

You're not logged in!

Compare scores with friends on all Sporcle quizzes.
OR
Log In

Sporcle TV

Today on Sporcle TV


Watch our educational content, quiz creation guides, and fun videos on Sporcle TV.

Show Comments

Extras

Created Sep 23, 2017ReportNominate
Tags:WWE Quiz, NXT, Trivia

Top Quizzes Today


Score Distribution

Paid Content

Your Account Isn't Verified!

In order to create a playlist on Sporcle, you need to verify the email address you used during registration. Go to your Sporcle Settings to finish the process.

Report this User

Report this user for behavior that violates our Community Guidelines.

Details: